[Event "Kemerovo-ch"]
[Site "Kemerovo"]
[Date "2009.03.17"]
[Round "3"]
[White "Chirikoov, Evgeniy"]
[Black "Chigaev, Maksim"]
[Result "1-0"]
[WhiteElo "2272"]
[BlackElo "2145"]
[PlyCount "53"]
[EventDate "2009.03.16"]
[EventType "swiss"]
[EventRounds "9"]
[EventCountry "RUS"]
[SourceTitle "EXT 2010"]
[Source "ChessBase"]
[SourceDate "2010.11.25"]
[SourceVersion "1"]
[SourceVersionDate "2010.11.25"]
[SourceQuality "1"]

1. d4 Nf6 2. g3 g6 3. Bg2 Bg7 4. e4 d6 5. Ne2 0-0 6. 0-0 Nc6 7. h3 e5 8. Be3 exd4 9. Nxd4 Re8 10. Nc3 Ne5 11. b3 Bd7 12. Qd2 a6 13. f4 Nc6 14. Rae1 Qc8 15. Kh2 h5 16. Nxc6 Bxc6 17. Bd4 Qd7 18. f5 Qe7 19. Nd5 Bxd5 20. exd5 Qd8 21. fxg6 fxg6 22. Bxf6 Qxf6 23. Rxe8+ Rxe8 24. Rxf6 Bxf6 25. Qd3 Kg7 26. Be4 Bg5 27. h4 1-0

[Event "Kemerovo-ch"]
[Site "Kemerovo"]
[Date "2009.03.16"]
[Round "1"]
[White "Chirikoov, Evgeniy"]
[Black "Kuznetsov, Petr"]
[Result "1-0"]
[WhiteElo "2272"]
[BlackElo "2033"]
[PlyCount "75"]
[EventDate "2009.03.16"]
[EventType "swiss"]
[EventRounds "9"]
[EventCountry "RUS"]
[SourceTitle "EXT 2010"]
[Source "ChessBase"]
[SourceDate "2010.11.25"]
[SourceVersion "1"]
[SourceVersionDate "2010.11.25"]
[SourceQuality "1"]

1. d4 d5 2. Nf3 Nf6 3. c4 g6 4. cxd5 Bg7 5. Nc3 Nxd5 6. e4 Nb6 7. Be2 0-0 8. 0-0 Bg4 9. d5 N8d7 10. h3 Bxf3 11. Bxf3 Ne5 12. Be2 c6 13. Bg5 h6 14. Bh4 g5 15. Bg3 cxd5 16. Nxd5 Rc8 17. Qb3 Nxd5 18. exd5 Qb6 19. Rac1 f5 20. Qxb6 axb6 21. f4 Nd7 22. Rxc8 Rxc8 23. fxg5 Bd4+ 24. Kh2 hxg5 25. Rxf5 Bf6 26. Bg4 Rc2 27. d6 exd6 28. Rf1 Kg7 29. Bxd7 Rxb2 30. Be6 Rd2 31. Bb3 d5 32. Rd1 Rxd1 33. Bxd1 b5 34. Bf3 d4 35. Kg1 d3 36. Kf2 Bd4+ 37. Ke1 Bc3+ 38. Kd1 1-0

[Event "Kemerovo op"]
[Site "Kemerovo"]
[Date "2008.08.29"]
[Round "9"]
[White "Konev, Kirill"]
[Black "Chirikoov, Evgeniy"]
[Result "1-0"]
[WhiteElo "2269"]
[BlackElo "2280"]
[PlyCount "63"]
[EventDate "2008.08.23"]
[EventType "swiss"]
[EventRounds "9"]
[EventCountry "RUS"]
[SourceTitle "CBM 126 Extra"]
[Source "ChessBase"]
[SourceDate "2008.11.05"]
[SourceVersion "1"]
[SourceVersionDate "2008.11.05"]
[SourceQuality "1"]

1. e4 e5 2. Nf3 d6 3. d4 exd4 4. Nxd4 Nf6 5. Nc3 Be7 6. Be2 0-0 7. 0-0 Nc6 8. Be3 Re8 9. f4 Bd7 10. Bf3 Bf8 11. Re1 Nxd4 12. Bxd4 Bc6 13. Qd3 Nd7 14. Rad1 Qh4 15. g3 Qh3 16. Nb5 Bxb5 17. Qxb5 c5 18. Bc3 Rab8 19. Bg2 Qe6 20. e5 a6 21. Qd3 Red8 22. f5 Qe7 23. f6 Qe6 24. Bd5 Qg4 25. Bxf7+ Kxf7 26. e6+ Kg8 27. e7 gxf6 28. Qd5+ Kh8 29. exd8Q Rxd8 30. Re4 Qg6 31. Qe6 b5 32. Rg4 1-0

[Event "Kemerovo op"]
[Site "Kemerovo"]
[Date "2008.08.27"]
[Round "6"]
[White "Chirikoov, Evgeniy"]
[Black "Grishenko, Vladimir"]
[Result "0-1"]
[WhiteElo "2280"]
[BlackElo "2206"]
[PlyCount "48"]
[EventDate "2008.08.23"]
[EventType "swiss"]
[EventRounds "9"]
[EventCountry "RUS"]
[SourceTitle "CBM 126 Extra"]
[Source "ChessBase"]
[SourceDate "2008.11.05"]
[SourceVersion "1"]
[SourceVersionDate "2008.11.05"]
[SourceQuality "1"]

1. d3 d5 2. Nd2 Nf6 3. Ngf3 Bg4 4. h3 Bxf3 5. Nxf3 e6 6. g3 Bd6 7. Bg2 c6 8. 0-0 Qc7 9. Nd4 0-0 10. Qe1 Nbd7 11. e4 Rfe8 12. Ne2 e5 13. Nc3 dxe4 14. Nxe4 Nxe4 15. Qxe4 a5 16. Bd2 Qb6 17. Rab1 a4 18. Bc3 Qc7 19. Rbe1 Nc5 20. Qg4 Qd7 21. Qh5 f6 22. a3 Qf7 23. Qh4 Ne6 24. Re4 g5 0-1

[Event "Kemerovo op"]
[Site "Kemerovo"]
[Date "2008.08.23"]
[Round "1"]
[White "Chirikoov, Evgeniy"]
[Black "Fanaskov, Artem"]
[Result "1-0"]
[WhiteElo "2280"]
[BlackElo "2028"]
[PlyCount "95"]
[EventDate "2008.08.23"]
[EventType "swiss"]
[EventRounds "9"]
[EventCountry "RUS"]
[SourceTitle "CBM 126 Extra"]
[Source "ChessBase"]
[SourceDate "2008.11.05"]
[SourceVersion "1"]
[SourceVersionDate "2008.11.05"]
[SourceQuality "1"]

1. Nf3 Nf6 2. d4 e6 3. c4 b6 4. a3 Bb7 5. Nc3 Be7 6. d5 0-0 7. e4 d6 8. Bd3 Nbd7 9. b4 a5 10. Rb1 Ng4 11. 0-0 Bf6 12. Nb5 Nge5 13. Nfd4 Nxd3 14. Qxd3 Bxd4 15. Nxd4 exd5 16. cxd5 axb4 17. axb4 Ba6 18. b5 Nc5 19. Qg3 Bc8 20. Re1 Qf6 21. Nc6 h6 22. e5 dxe5 23. Rxe5 Bd7 24. Re1 Rfe8 25. Be3 Bf5 26. Rbd1 Nd3 27. Rf1 Rac8 28. h3 Kh7 29. Rd2 Qg6 30. Qxg6+ Bxg6 31. Bd4 Nf4 32. Be5 Nd3 33. Bg3 Nc5 34. Rb2 Bd3 35. Ra1 Bc4 36. Na7 Rcd8 37. Bxc7 Rxd5 38. Bxb6 Nb3 39. Ra3 Re1+ 40. Kh2 Nd2 41. Rxd2 Rxd2 42. Ba5 Ree2 43. Bxd2 Rxd2 44. Rc3 Ra2 45. Rxc4 Rxa7 46. b6 Rb7 47. Rc6 Kg8 48. Kg3 1-0

[Event "Kemerovo 90 Anniv"]
[Site "Kemerovo"]
[Date "2008.04.24"]
[Round "9"]
[White "Chirikoov, Evgeniy"]
[Black "Kozlov, Vadim1"]
[Result "1/2-1/2"]
[WhiteElo "2296"]
[BlackElo "2125"]
[PlyCount "26"]
[EventDate "2008.04.18"]
[EventType "swiss"]
[EventRounds "9"]
[EventCountry "RUS"]
[SourceTitle "EXT 2022"]
[Source "ChessBase"]
[SourceDate "2021.10.06"]
[SourceVersion "1"]
[SourceVersionDate "2021.10.06"]
[SourceQuality "1"]

1. Nf3 Nf6 2. g3 g6 3. Bg2 Bg7 4. 0-0 0-0 5. d3 d6 6. c4 e5 7. Nc3 Nc6 8. Rb1 a5 9. a3 h6 10. b4 axb4 11. axb4 Be6 12. b5 Nd4 13. Nd2 Qc8 1/2-1/2

[Event "Kemerovo 90 Anniv"]
[Site "Kemerovo"]
[Date "2008.04.23"]
[Round "8"]
[White "Zimin, Ivan"]
[Black "Chirikoov, Evgeniy"]
[Result "1/2-1/2"]
[WhiteElo "2148"]
[BlackElo "2296"]
[PlyCount "84"]
[EventDate "2008.04.18"]
[EventType "swiss"]
[EventRounds "9"]
[EventCountry "RUS"]
[SourceTitle "EXT 2022"]
[Source "ChessBase"]
[SourceDate "2021.10.06"]
[SourceVersion "1"]
[SourceVersionDate "2021.10.06"]
[SourceQuality "1"]

1. d4 g6 2. e4 c6 3. f4 d5 4. e5 h5 5. c3 Nh6 6. Na3 Bg4 7. Nf3 e6 8. Nc2 c5 9. Ne3 Nc6 10. Bb5 cxd4 11. Qa4 Qb6 12. Nxd4 Rc8 13. Nec2 a6 14. Bxc6+ bxc6 15. Be3 Qb7 16. b4 Be7 17. Nb3 0-0 18. Nc5 Bxc5 19. Bxc5 Rfe8 20. Nd4 Nf5 21. h3 Ng3 22. Rg1 Bf5 23. Ne2 Ne4 24. Be3 h4 25. Rc1 a5 26. Qxa5 Ra8 27. Qb6 Qxb6 28. Bxb6 Rxa2 29. g4 hxg3 30. Nxg3 Nd2 31. Nxf5 Nf3+ 32. Kf1 Nxg1 33. Nd6 Ne2 34. Re1 Ng3+ 35. Kg1 Rea8 36. Bf2 Ne2+ 37. Kg2 Nxf4+ 38. Kf3 Rxf2+ 39. Kxf2 Nd3+ 40. Ke2 Nxe1 41. Kxe1 Ra2 42. Kd1 Kf8 1/2-1/2

[Event "Kemerovo 90 Anniv"]
[Site "Kemerovo"]
[Date "2008.04.21"]
[Round "6"]
[White "Chirikoov, Evgeniy"]
[Black "Gusev, Yurij"]
[Result "1/2-1/2"]
[WhiteElo "2296"]
[BlackElo "2074"]
[PlyCount "120"]
[EventDate "2008.04.18"]
[EventType "swiss"]
[EventRounds "9"]
[EventCountry "RUS"]
[SourceTitle "EXT 2022"]
[Source "ChessBase"]
[SourceDate "2021.10.06"]
[SourceVersion "1"]
[SourceVersionDate "2021.10.06"]
[SourceQuality "1"]

1. d3 d5 2. Nd2 Nf6 3. e4 dxe4 4. dxe4 e6 5. Ngf3 Be7 6. Be2 0-0 7. 0-0 Nbd7 8. c3 b6 9. Qc2 Bb7 10. Re1 Ng4 11. h3 Nge5 12. Nxe5 Nxe5 13. Nf1 Ng6 14. f4 Bc5+ 15. Kh2 Qf6 16. e5 Qd8 17. b4 Be7 18. Be3 Nh4 19. Red1 Qe8 20. Bd3 Qc6 21. Rd2 g6 22. b5 Qe8 23. a4 Rd8 24. Rad1 c5 25. Be4 Rxd2 26. Nxd2 Qa8 27. Bxb7 Qxb7 28. Ne4 Rd8 29. Rxd8+ Bxd8 30. Bf2 Nf5 31. g4 Ne7 32. Bh4 Kf8 33. Qd3 Qd5 34. Qxd5 exd5 35. Nf6 h6 36. Kg2 Bc7 37. Bg3 Bd8 38. Kf3 h5 39. gxh5 gxh5 40. Nxh5 Nf5 41. Bf2 Ke7 42. Ng3 Ke6 43. Nxf5 Kxf5 44. h4 f6 45. h5 fxe5 46. fxe5 Kxe5 47. Bg3+ Kf5 48. Bb8 Kg5 49. Bxa7 Kxh5 50. a5 bxa5 51. Bxc5 Kg5 52. b6 a4 53. b7 Bc7 54. Ke3 Kf5 55. Kd3 Bb8 56. Kd4 Ke6 57. c4 dxc4 58. Kxc4 Kd7 59. Kb5 Kc7 60. Ka6 Kc6 1/2-1/2

[Event "Kemerovo 90 Anniv"]
[Site "Kemerovo"]
[Date "2008.04.19"]
[Round "3"]
[White "Chirikoov, Evgeniy"]
[Black "Starkov, S."]
[Result "1/2-1/2"]
[WhiteElo "2296"]
[BlackElo "2281"]
[PlyCount "20"]
[EventDate "2008.04.18"]
[EventType "swiss"]
[EventRounds "9"]
[EventCountry "RUS"]
[SourceTitle "EXT 2022"]
[Source "ChessBase"]
[SourceDate "2021.10.06"]
[SourceVersion "1"]
[SourceVersionDate "2021.10.06"]
[SourceQuality "1"]

1. d4 d5 2. c4 c6 3. cxd5 cxd5 4. Nc3 Nc6 5. Nf3 Nf6 6. Bf4 e6 7. e3 Bb4 8. Bd3 0-0 9. 0-0 a6 10. h3 h6 1/2-1/2

[Event "Sibiria Region-chT"]
[Site "Kemerovo"]
[Date "2007.12.08"]
[Round "2"]
[White "Chirikoov, Evgeniy"]
[Black "Turushev, Alexei"]
[Result "0-1"]
[WhiteElo "2321"]
[BlackElo "2272"]
[PlyCount "104"]
[EventDate "2007.12.07"]
[EventType "team-tourn"]
[EventRounds "7"]
[EventCountry "RUS"]
[SourceTitle "CBM 122 Extra"]
[Source "ChessBase"]
[SourceDate "2008.03.04"]
[SourceVersion "1"]
[SourceVersionDate "2008.03.04"]
[SourceQuality "1"]

1. Nf3 d5 2. c4 c6 3. b3 Nf6 4. Bb2 Bf5 5. g3 g6 6. Bg2 Bg7 7. 0-0 0-0 8. Na3 Nbd7 9. Nc2 Re8 10. Ne3 e5 11. Nxf5 gxf5 12. Nh4 f4 13. Nf5 fxg3 14. fxg3 dxc4 15. Nxg7 Kxg7 16. e3 cxb3 17. axb3 Qb6 18. Bh3 Rad8 19. d4 c5 20. Ra4 cxd4 21. exd4 Nc5 22. Rc4 Nxb3 23. Kh1 Nxd4 24. Qc1 h6 25. Bg2 Re7 26. Ba3 Red7 27. Qe3 Qe6 28. Rc5 Nd5 29. Qf2 b6 30. Rcc1 a5 31. Bb2 Nb4 32. Rc3 b5 33. g4 Nd5 34. Rg3 Nf4 35. Be4 Qf6 36. Qe3 Qg5 37. Bf5 Re7 38. Qa3 Nfe2 39. Rg2 a4 40. Qc5 Nf4 41. Rg3 Rd5 42. Qb6 Qf6 43. Qb8 Qd6 44. Qa8 Qd8 45. Qxd8 Rxd8 46. Ba3 Rc7 47. Be4 Nde2 48. Rgf3 Rd4 49. Bf5 b4 50. Bb2 Nc3 51. Bxc3 bxc3 52. Rc1 c2 0-1